The goal: a process of on going improvement (Record no. 120297)

MARC details
000 -LEADER
fixed length control field 00422nam a2200157Ia 4500
008 - FIXED-LENGTH DATA ELEMENTS--GENERAL INFORMATION
fixed length control field 230917s9999||||xx |||||||||||||| ||und||
040 ## - CATALOGING SOURCE
-- 108323
Original cataloging agency VIVEKANANDA LIBRARY
041 ## - Language
-- English
082 ## - DDC NUMBER
Classification number 658.409 G569G
100 ## - MAIN ENTRY--PERSONAL NAME
Personal name Goldratt, Eliyahu M
245 #4 - TITLE STATEMENT
Title The goal: a process of on going improvement
250 ## - EDITION STATEMENT
Edition statement 2nd ed.
260 ## - PUBLICATION, DISTRIBUTION, ETC. (IMPRINT)
Place of publication, distribution, etc Madras
Name of publisher, distributor, etc Productivity and quality publishing
Date of publication, distribution, etc 2004
300 ## - PHYSICAL DESCRIPTION
Pages 349p p.
942 ## - ADDED ENTRY ELEMENTS (KOHA)
Koha item type Books
Holdings
Withdrawn status Lost status Damaged status Not for loan Location (home branch) Sublocation or collection (holding branch) Shelving location Date acquired Koha issues (times borrowed) Koha full call number Accession No. Koha date last seen Koha item type
        VIVEKANANDA LIBRARY VIVEKANANDA LIBRARY IMSAR Library 01/08/2005   658.409 G569G 212790 17/09/2023 Books
© Designed and Maintained by Vivekananda Library, MDU Rohtak